| 000 | 01249naa a22003617a 4500 | ||
|---|---|---|---|
| 001 | BR7405339 | ||
| 003 | BR-BrBNA | ||
| 005 | 20240918173611.0 | ||
| 007 | ta | ||
| 008 | 230509b bl.||||| |||| 00| 0 por d | ||
| 040 |
_aBR-BrBNA _bpor _cBiblioteca Nacional de Agricultura |
||
| 041 | _a(Pt) | ||
| 072 |
_aL30; L00 _b0430 _b8956 _b5214 _b8951 _b1910 _bG514 |
||
| 090 | _aL30 BR7405339 | ||
| 100 | 1 | _aLeao, J. | |
| 111 | 1 |
_a1. Congresso Estadual de Algodao _cMontes Claros, MG (Brazil) _d30 Jun 1957 |
|
| 245 | 1 | _aTorta de caroco de algodao [Nutricao animal; Producao animal; Gossypium spp; Brasil] | |
| 260 | 3 |
_aBelo Horizonte, MG (Brasil): _c1959. |
|
| 500 | _aAnais do 1. Congresso Estadual de Algodao Belo Horizonte, MG (Brasil): 1959. p. 102-109 (BR7405339-AM)L30 | ||
| 650 | _aNutricao animal | ||
| 650 | _aProducao animal | ||
| 650 | _aAlgodao | ||
| 650 | _aTorta | ||
| 650 | _aGado leiteiro | ||
| 650 | _aForragem | ||
| 650 | _aPlanta forrageira | ||
| 650 | _aProducao leiteira | ||
| 650 | _aDigestibilidade | ||
| 650 | _aMinas Gerais | ||
| 773 | 0 |
_tAnais do 1. Congresso Estadual de Algodao _wL30 BR7405339 _gBelo Horizonte, MG (Brasil), 1959. p. 102-109 |
|
| 909 |
_a202404 _bLucia _c55 _dLucia Elande |
||
| 942 |
_cAM _2AGRIS |
||
| 999 |
_c305676 _d305676 |
||